| 000 | 00851nam a2200229 i 4500 | ||
|---|---|---|---|
| 001 | bg | ||
| 100 | 1 | _aMANTURA, Władysław | |
| 245 | 1 | 0 |
_aElementy rachunkowości dla menedżerów / _cWładysław Mantura. |
| 260 |
_aPoznań : _bWydaw. Politechniki Poznańskiej, _c2004. |
||
| 300 |
_a207 s. : _brys., tab., wykr. ; _c24 cm. |
||
| 500 | _aU dołu okł.: Zintegrowany system zarządzania przedsiębiorstwem (procesy informacyjno-decyzyjne), system informacyjny zarządzania, system informacji ekonomicznej, system rachunkowości. | ||
| 504 | _aBibliogr. s. 205-207. | ||
| 650 | 9 | _aRachunkowość zarządcza | |
| 655 | _aPodręczniki akademickie | ||
| 020 | _a8371433123 | ||
| 040 | _cBPK | ||
| 041 | 0 | _apol | |
| 080 | _a657:658.14/.17.012.4](075.8) | ||
| 920 | _a83-7143-312-3 | ||
| 942 | _cKS | ||
| 008 | s pl f |000 0 pol | ||
| 999 |
_c45652 _d45652 |
||
| 856 |
_uhttp://koha.tu.koszalin.pl/cgi-bin/koha/opac-detail.pl?biblionumber=45652 _yKatalog online BPK |
||